000 00685nam a22002177a 4500
003 UA-OsUOA
001 74285
007 ta
008 20110331b un ||||| |||| 00| 0 ukr d
100 _aАкайомова А.
090 _a659
_bА38
942 _cSA
040 _aUA-OsUOA
_bukr
_cUA-OsUOA
_dUA-OsUOA
245 _aПолітична реклама як процес комунікації
300 _aС.2-5
955 _a0
041 _aukr
080 _a659
773 0 _w74284
_tВіче
_dК.
_d2011
_g6
650 7 _a659 Реклама. Система інформації. Громадська інформація та реклама (Паблик-Рилейшнз)
_2UDC
999 _c360579
_d360579